|
|
|
|
| LEADER |
01206nam a2200301 a 4500 |
| 001 |
40222 |
| 003 |
BD-DhAAL |
| 005 |
20221215121442.0 |
| 008 |
860828t19881991cau b s001 0 eng |
| 999 |
|
|
|c 45187
|d 45187
|
| 010 |
|
|
|a 2021696948
|
| 020 |
|
|
|a 0520074084
|
| 040 |
|
|
|a DLC
|b eng
|e pn
|c DLC
|d BD-DhAAL
|
| 043 |
|
|
|a d------
|
| 050 |
0 |
0 |
|a JF1525.C66
|
| 082 |
0 |
0 |
|a 350.994
|2 20
|
| 100 |
1 |
|
|a Klitgaard, Robert E.
|9 52927
|
| 245 |
1 |
0 |
|a Controlling corruption /
|c Robert Klitgaard.
|
| 260 |
|
|
|a Berkeley :
|b University of California Press,
|c c1988.
|
| 300 |
|
|
|a xiii, 220 pages :
|b illustrations ;
|c 21 cm.
|
| 504 |
|
|
|a Includes bibliographical references and index.
|
| 541 |
|
|
|a Donated By Akbar Ali Khan
|e 40222
|
| 650 |
|
0 |
|a Political corruption.
|9 52928
|
| 650 |
|
0 |
|a Political corruption
|z Developing countries
|x Case studies.
|9 52929
|
| 650 |
|
0 |
|a Public administration and military science.
|9 52943
|
| 852 |
|
|
|a Ayesha Abed Library
|c Akbar Ali Khan Collection
|
| 942 |
|
|
|2 ddc
|c BK
|
| 952 |
|
|
|0 0
|1 0
|2 ddc
|4 0
|6 350_994000000000000_KLT
|7 1
|9 72501
|a BRACUL
|b BRACUL
|c AAKC
|d 2022-12-14
|e Donated by Akbar Ali Khan
|g 2050.52
|l 0
|o 350.994 KLT
|p 3010040222
|r 2022-12-14
|t 1
|v 2050.52
|w 2022-12-14
|y BK
|x Price available in book.
|